Riadenie skladového hospodárstva pomocou techník operačného výskumu bakalárska práca

Na minha lista:
Detalhes bibliográficos
Autor principal: Kováčiková, Zdenka
Autor Corporativo: Fakulta hospodárskej informatiky EU. Katedra operačného výskumu a ekonometrie
Outros Autores: Reiff, Marian, 1978-
Formato: Livro
Idioma:eslovaco
Publicado em: Bratislava 2009
Tags: Adicionar Tag
Sem tags, seja o primeiro a adicionar uma tag!

MARC

LEADER 00000nam$a2200000$$$4500
001 0103785
005 20240318134151.7
041 0 |a slo 
044 |a SK 
245 1 0 |a Riadenie skladového hospodárstva pomocou techník operačného výskumu  |b bakalárska práca  |c Zdenka Kováčiková ; škol. Marian Reiff 
264 1 |a Bratislava  |c 2009 
300 |a 21 s. 
100 1 |a Kováčiková, Zdenka 
700 1 |a Reiff, Marian, 1978- 
710 2 |a Fakulta hospodárskej informatiky EU. Katedra operačného výskumu a ekonometrie